The american political process
-д хадгалсан:
| Үндсэн зохиолч: | |
|---|---|
| Формат: | Ном |
| Хэл сонгох: | англи |
| Хэвлэсэн: |
Princeton
D. van Nostrand
1962
|
| Цуврал: | Van Nostrand Political Science Series
|
| Нөхцлүүд: | |
| Шошгууд: |
Шошго нэмэх
Шошго байхгүй, Энэхүү баримтыг шошголох эхний хүн болох!
|
MARC
| LEADER | 00000nam a2200000 a 4500 | ||
|---|---|---|---|
| 001 | UCT7158 | ||
| 003 | CL-VaPUC | ||
| 008 | 970116e19620000us |||||||||||||||||eng|d | ||
| 082 | 0 | 4 | |a 324.973 |b PEN |2 21 |
| 100 | 0 | |a Penniman, Howard |e author |9 377934 | |
| 245 | 1 | 4 | |a The american political process |
| 300 | |a 145 p | ||
| 942 | |c BK | ||
| 945 | |d 19970116 00:00:00 |a paguirre | ||
| 260 | |a Princeton |b D. van Nostrand |c 1962 | ||
| 650 | 0 | |a Elecciones |9 254997 | |
| 650 | 0 | |a Representación política |9 362081 | |
| 650 | 0 | |a Sistemas electorales |9 326307 | |
| 650 | 0 | |a Votación |9 376129 | |
| 650 | 0 | |a Partidos políticos |9 254999 | |
| 650 | 7 | |a PRESIDENCIA |2 CL-VaPUC |9 341215 | |
| 650 | 0 | |a Democracia |9 255256 | |
| 651 | 0 | |a Estados Unidos |9 255178 | |
| 583 | |a last modification |c 20150504 03:06:24 |k Rodrigo Vera | ||
| 490 | 0 | |a Van Nostrand Political Science Series | |
| 999 | |c 255818 |d 255816 | ||
| 952 | |0 0 |1 0 |4 0 |6 324_973000000000000_PEN_1962 |7 0 |8 A |9 278250 |a BIBDER |b BIBDER |d 2019-11-19 |i 1806912 |o 324.973 PEN 1962 |p 1806912 |r 2023-01-25 |w 2019-11-19 |y BK |k DER | ||